[Event "Piestany Augustus Cup"]
[Site "Piestany"]
[Date "2022.07.15"]
[Round "4"]
[White "Benko, Martin"]
[Black "Nedorost, Lubomir"]
[Result "0-1"]
[WhiteElo "1295"]
[BlackElo "1607"]
[PlyCount "76"]
[EventDate "2022.07.15"]
[EventType "swiss (rapid)"]
[EventRounds "7"]
[EventCountry "SVK"]
[SourceTitle "CBM 209 Extra"]
[Source "ChessBase"]
[SourceDate "2022.09.30"]
[SourceVersion "1"]
[SourceVersionDate "2022.09.30"]
[SourceQuality "1"]

1. e4 e6 2. d4 d5 3. Nd2 c5 4. exd5 exd5 5. Ngf3 Bg4 6. h3 Bh5 7. Be2 Nf6 8. 0-0 Be7 9. Re1 0-0 10. c4 dxc4 11. Nxc4 cxd4 12. Qxd4 Bxf3 13. Qxd8 Rxd8 14. Bxf3 Bb4 15. Bd2 Bxd2 16. Nxd2 Nc6 17. Nb3 Rac8 18. Nc5 b6 19. Nb7 Rd7 20. Bxc6 Rxc6 21. Rad1 Rcc7 22. Nd6 g6 23. Nb5 Rc2 24. Rxd7 Nxd7 25. Nxa7 Rxb2 26. a3 Ra2 27. Nb5 Nc5 28. Rd1 Ne4 29. f3 Rd2 30. Re1 Ng3 31. Kh2 Ne2 32. Ra1 Nf4 33. a4 Rxg2+ 34. Kh1 Rb2 35. Nd6 Nxh3 36. Nc4 Rc2 37. Nxb6 Ng5 38. a5 Nxf3 0-1

[Event "Piestany Augustus Cup"]
[Site "Piestany"]
[Date "2022.07.15"]
[Round "5"]
[White "Veasey, Christopher"]
[Black "Benko, Martin"]
[Result "0-1"]
[WhiteElo "1000"]
[BlackElo "1295"]
[PlyCount "24"]
[EventDate "2022.07.15"]
[EventType "swiss (rapid)"]
[EventRounds "7"]
[EventCountry "SVK"]
[SourceTitle "CBM 209 Extra"]
[Source "ChessBase"]
[SourceDate "2022.09.30"]
[SourceVersion "1"]
[SourceVersionDate "2022.09.30"]
[SourceQuality "1"]

1. e4 e5 2. d3 Nf6 3. Nc3 d5 4. Bg5 d4 5. Na4 h6 6. Bxf6 Qxf6 7. Qf3 Qc6 8. 0-0-0 Qxa4 9. b3 Qxa2 10. Kd2 Bb4+ 11. Ke2 Qxc2+ 12. Rd2 Qxd2# 0-1

[Event "SVK-ch U14"]
[Site "Liptovsky Mikulas"]
[Date "2018.04.27"]
[Round "9"]
[White "Benko, Martin"]
[Black "Marcin, Richard"]
[Result "0-1"]
[WhiteElo "1364"]
[BlackElo "1087"]
[PlyCount "148"]
[EventDate "2018.04.21"]
[EventType "swiss"]
[EventRounds "9"]
[EventCountry "SVK"]
[SourceTitle "CBM 184 Extra"]
[Source "ChessBase"]
[SourceDate "2018.06.28"]
[SourceVersion "1"]
[SourceVersionDate "2018.06.28"]
[SourceQuality "1"]

1. e4 e5 2. Nf3 Nc6 3. d4 exd4 4. Nxd4 Nf6 5. Nxc6 bxc6 6. e5 Qe7 7. Qe2 Nd5 8. c4 Ba6 9. b3 g6 10. Qd2 Nb6 11. Qc3 Bg7 12. Bb2 0-0 13. Nd2 d6 14. Nf3 Nd7 15. Qe3 Rfe8 16. Be2 Rad8 17. 0-0 Nxe5 18. Qxa7 Nxf3+ 19. Bxf3 Bxb2 20. Rab1 Ra8 21. Qe3 Qxe3 22. fxe3 Rxe3 23. Rxb2 Bb7 24. a4 Rb8 25. Rfb1 Bc8 26. b4 Bf5 27. Ra1 Rbe8 28. Kf2 Bd3 29. c5 R3e6 30. a5 Ba6 31. h3 Kg7 32. Kg3 Re3 33. Kh2 d5 34. h4 Kh6 35. Rf2 Bd3 36. a6 Ra8 37. a7 Be4 38. Be2 f5 39. b5 d4 40. b6 d3 41. Bd1 cxb6 42. cxb6 c5 43. b7 Bxb7 44. Rb2 Re7 45. Bf3 Bxf3 46. gxf3 Raxa7 47. Rxa7 Rxa7 48. Rd2 c4 49. Kg3 c3 50. Rxd3 c2 51. Rc3 Ra2 52. Kf4 Kh5 53. Ke3 Kxh4 54. Kd3 Kg3 55. Kc4 Ra4+ 56. Kb3 Rf4 57. Rxc2 Rxf3+ 58. Kc4 h5 59. Ra2 g5 60. Ra5 h4 61. Kd4 h3 62. Ra1 h2 63. Ke5 Kg2 64. Ra2+ Rf2 65. Rxf2+ Kxf2 66. Kxf5 h1Q 67. Kxg5 Qf3 68. Kg6 Ke3 69. Kg5 Ke4 70. Kg6 Ke5 71. Kg7 Ke6 72. Kg8 Qg3+ 73. Kf8 Qc7 74. Kg8 Kf6 0-1

[Event "SVK-ch U14"]
[Site "Liptovsky Mikulas"]
[Date "2018.04.23"]
[Round "4"]
[White "Benko, Martin"]
[Black "Klenko, Adam"]
[Result "0-1"]
[WhiteElo "1364"]
[BlackElo "1135"]
[PlyCount "56"]
[EventDate "2018.04.21"]
[EventType "swiss"]
[EventRounds "9"]
[EventCountry "SVK"]
[SourceTitle "CBM 184 Extra"]
[Source "ChessBase"]
[SourceDate "2018.06.28"]
[SourceVersion "1"]
[SourceVersionDate "2018.06.28"]
[SourceQuality "1"]

1. e4 e5 2. Nf3 Nc6 3. d4 exd4 4. Nxd4 Nxd4 5. Qxd4 d6 6. Bc4 Nf6 7. Nc3 Be7 8. 0-0 0-0 9. e5 dxe5 10. Qxe5 Re8 11. Rd1 Bd6 12. Qd4 Bg4 13. f3 Be6 14. Bxe6 Rxe6 15. Nb5 Qe7 16. Qd2 Rd8 17. Kh1 Rd7 18. Nxa7 Bb4 19. Rg1 Bxd2 20. Bxd2 Rxd2 21. Rac1 Rde2 22. h3 Re1 23. Rcxe1 Rxe1 24. Rxe1 Qxe1+ 25. Kh2 Nd5 26. c4 Nf4 27. b4 Qf2 28. a4 Qxg2# 0-1

[Event "SVK-ch U14"]
[Site "Liptovsky Mikulas"]
[Date "2018.04.21"]
[Round "1"]
[White "Cedzo, Adam"]
[Black "Benko, Martin"]
[Result "1-0"]
[WhiteElo "1703"]
[BlackElo "1364"]
[PlyCount "77"]
[EventDate "2018.04.21"]
[EventType "swiss"]
[EventRounds "9"]
[EventCountry "SVK"]
[SourceTitle "CBM 184 Extra"]
[Source "ChessBase"]
[SourceDate "2018.06.28"]
[SourceVersion "1"]
[SourceVersionDate "2018.06.28"]
[SourceQuality "1"]

1. e4 e5 2. Nf3 Nc6 3. Bc4 Nf6 4. Ng5 d5 5. exd5 Nxd5 6. Nxf7 Kxf7 7. Qf3+ Ke8 8. Bxd5 Qe7 9. Bxc6+ Kd8 10. Bxb7 Rb8 11. Bxc8 Rxc8 12. Nc3 c6 13. d3 h6 14. 0-0 Kc7 15. Re1 Qc5 16. Rxe5 Qb6 17. Qf7+ Kb8 18. Qb3 Bd6 19. Rf5 g6 20. Rf6 Qxb3 21. axb3 Rce8 22. Bf4 Bxf4 23. Rxf4 Re6 24. Rf7 Rhe8 25. Kf1 a5 26. Ne4 Re5 27. Rf6 c5 28. Rxg6 Rh5 29. Nf6 Rxh2 30. Kg1 Rh4 31. Nxe8 Kb7 32. Rxa5 Rh5 33. b4 Re5 34. Nd6+ Kc7 35. Rxc5+ Rxc5 36. bxc5 h5 37. Nb5+ Kb7 38. c6+ Kc8 39. Rg8# 1-0